000 00999nam a22003137a 4500
003 CHAP
005 20220329143418.0
008 090520s2004 mx r 00010 spa d
010 _a96201
011 _a97173
020 _a9789701046153
035 _a107836
040 _cCHAP
082 0 4 _a174
_bG19
100 1 _aGarza Treviño, Juan Gerardo.
_947152
245 1 0 _aValores para el ejercicio profesional :
_bguías didácticas
_c/por Juan Gerardo Garza Treviño
260 _aMéxico, D.F. :
_bMcGraw-Hill,
_c2004
300 _axix, 390 p.
590 _aBATCH-UPD
_b10
_c20130110
_lUCH01
_h0549
590 _aBATCH-UPD
_b10
_c20130410
_lUCH01
_h0230
590 _aBATCH-UPD
_b10
_c20130914
_lUCH01
_h1328
590 _aCONVERSION
_b10
_c20130109
_lUCH01
_h1353
650 1 4 _aEstudiantes.
_938489
650 1 4 _aÉtica profesional.
_982781
650 1 4 _aValores.
_9117671
901 _aBK
942 _cLIBRO
949 _a174 G19
_bBC
_cLIBRO
_d33724002093538
_eLIBRO
_gI.c/e
_h110456
_i107836
_si
_t$119.00
999 _c96201
_d96201